Implementácia CRM systému JEEVES v obchodnej spoločnosti diplomová práca

Gespeichert in:
Bibliographische Detailangaben
1. Verfasser: Barták, Igor
Körperschaft: Fakulta hospodárskej informatiky EU. Katedra aplikovanej informatiky
Weitere Verfasser: Hudec, Miroslav, 1969-
Format: Buch
Sprache:Slowakisch
Veröffentlicht: Bratislava 2014
Tags: Tag hinzufügen
Keine Tags, Fügen Sie das erste Tag hinzu!

MARC

LEADER 00000nbm a2200000 4500
001 0188773
005 20170201110423.7
041 0 |a slo 
044 |a SK 
245 1 0 |a Implementácia CRM systému JEEVES v obchodnej spoločnosti  |b diplomová práca  |c Igor Barták ; školiteľ: Miroslav Hudec 
264 1 |a Bratislava  |c 2014 
300 |a 67 s. 
100 1 |a Barták, Igor 
700 1 |a Hudec, Miroslav, 1969- 
710 2 |a Fakulta hospodárskej informatiky EU. Katedra aplikovanej informatiky